| 000 | 00728nam a22002417a 4500 | ||
|---|---|---|---|
| 001 | 1434 | ||
| 003 | CO-MdFUSB | ||
| 005 | 20180622072712.0 | ||
| 008 | 170301t2002 sp ||||| |||| 00| 0 sp d | ||
| 020 | _a84-8164-554-0 | ||
| 040 |
_aCO-MdFUSB _bspa _cCO-MdFUSB _dCO-MdFUSBC _erda |
||
| 041 | 0 | _aspa | |
| 082 | 0 | 4 | _aG 200.1 D568e |
| 245 | 0 |
_aEl estudio de la religión _b _c/ Francisco Diez de Velasco, Francisco García Bazán, Editores |
|
| 264 |
_aMadrid, España : _bTrotta, _c2002 |
||
| 300 |
_a434 Pag. _b _c; |
||
| 336 |
_2rdacontent _atexto _btxt |
||
| 337 |
_2rdamedia _asin mediación _bn |
||
| 338 |
_2rdacarrier _avolumen _bnc |
||
| 505 | 0 | 0 | _aobjeto -- aproximaciones -- métodos |
| 650 | 1 | 4 | _aRELIGION |
| 942 | _cBK | ||
| 999 |
_c32755 _d32755 |
||